Catálogo público

Traite Elementaire de Meteorologie / (Record no. 171818)

MARC details
000 -CABECERA
campo de control de longitud fija 00641nam a2200241Ia 4500
001 - NÚMERO DE CONTROL
campo de control dia_1275
003 - IDENTIFICADOR DEL NÚMERO DE CONTROL
campo de control CHAP
005 - FECHA Y HORA DE LA ÚLTIMA TRANSACCIÓN
campo de control 20230126114643.0
008 - DATOS DE LONGITUD FIJA--INFORMACIÓN GENERAL
campo de control de longitud fija 220117s1928 xx 000 0 und d
010 ## - NÚMERO DE CONTROL DE LA BIBLIOTECA DEL CONGRESO
Número de control de LC 171818
040 ## - FUENTE DE LA CATALOGACIÓN
Centro/agencia transcriptor CHAP
082 ## - NÚMERO DE LA CLASIFICACIÓN DECIMAL DEWEY
Número de clasificación 551.5 A53 1928
100 ## - ENTRADA PRINCIPAL--NOMBRE DE PERSONA
Nombre de persona Angot, Alfred
9 (RLIN) 150413
245 ## - MENCIÓN DE TÍTULO
Título Traite Elementaire de Meteorologie /
Mención de responsabilidad, etc. by Alfred Angot
260 ## - PUBLICACIÓN, DISTRIBUCIÓN, ETC.
Lugar de publicación, distribución, etc. Paris, Gauthier- Villars
Fecha de publicación, distribución, etc. 1928
300 ## - DESCRIPCIÓN FÍSICA
Extensión 420 p
500 ## - NOTA GENERAL
Nota general D.
650 ## - PUNTO DE ACCESO ADICIONAL DE MATERIA--TÉRMINO DE MATERIA
Término de materia o nombre geográfico como elemento de entrada 1.Meteorología
9 (RLIN) 150414
901 ## - ELEMENTOS DE DATOS A LOCAL LDA (RLIN)
a 551.5 A53 1928
902 ## - ELEMENTOS DE DATOS B LOCAL, LDB (RLIN)
a M
905 ## - ELEMENTOS DE DATOS E LOCAL, LDE (RLIN)
a 0000001928 EUEX 0000000000ING00
942 ## - ELEMENTOS DE PUNTO DE ACCESO ADICIONAL (KOHA)
Tipo de ítem Koha Libro
Fuente del sistema de clasificación o colocación Dewey Decimal Classification
Holdings
Estado de retiro Estado de pérdida Fuente del sistema de clasificación o colocación Estado dañado No para préstamo Código de colección Localización permanente Ubicación/localización actual Fecha de adquisición Información codificada de la localización en otra ubicación Total de préstamos Signatura topográfica completa Código de barras Fecha visto por última vez Número de copia Precio válido a partir de Tipo de ítem Koha
    Dewey Decimal Classification     General Ingenieria Agroindustrial Ingenieria Agroindustrial 18/01/2022 1   551.5 A53 1928 dia_1016 18/01/2022 1 18/01/2022 Libro